Statistics for every taylor swift debut song

Click here to take the quiz!

General Stats

  • This quiz has been taken 31 times
  • The average score is 12 of 14

Answer Stats

Debut songs% Correct
Our Song
100%
Tim McGraw
100%
Should've Said No
92%
Teardrops On My Guitar
92%
A Place in this World
85%
Cold As You
85%
Invisible
85%
Picture To Burn
85%
Stay Beautiful
85%
The Outside
85%
Tied Together with a Smile
85%
Mary's Song (Oh My My My)
77%
A Perfectly Good Heart
69%
I'm Only Me When I'm With You
69%

Score Distribution

Percentile by Number Answered

Percent of People with Each Score

Your Score History

You have not taken this quiz